| 000 | 00489cam a2200205ua 4500 | ||
|---|---|---|---|
| 020 | _c8.00 | ||
| 041 |
_aeng _h |
||
| 082 |
_a516.06 _bSMI/SO |
||
| 100 | _aSmith, Charles . | ||
| 245 |
_aSolid geometry / _cCharles Smith. _hTextual Documents |
||
| 250 |
_a2 / _b. |
||
| 260 |
_aLondon : _bMacMillan and Company Limited , _c1957. |
||
| 300 | _a242 ; . | ||
| 365 | _a8.00 | ||
| 504 | _a | ||
| 942 | _cBK | ||
| 999 |
_c3009 _d3009 |
||